[Event "L Festival A"]
[Site "Imperia ITA"]
[Date "2008.09.03"]
[Round "4"]
[White "Stoppa, Omar"]
[Black "Van der Plas, Robert"]
[WhiteElo "2230"]
[BlackElo "2163"]
[Result "1-0"]
[PlyCount "61"]
[EventDate "2008.08.31"]

1. e4 e6 2. d4 d5 3. Nd2 Nf6 4. e5 Nfd7 5. Bd3 c5 6. c3 Nc6 7. Ne2 cxd4 8. cxd4
f6 9. f4 fxe5 10. fxe5 Nxd4 11. O-O Qh4 12. Kh1 Nxe2 13. Qxe2 Be7 14. Nb3 Rf8
15. Bd2 Bg5 16. Nd4 Bxd2 17. Qxd2 Qe7 18. Qe3 a6 19. Bxh7 Rxf1+ 20. Rxf1 Nf8
21. Bg8 Bd7 22. Rf7 Qb4 23. Rxg7 Qxb2 24. h4 O-O-O 25. h5 Re8 26. h6 Ng6 27.
Bf7 Nxe5 28. Bxe8 Bxe8 29. Qxe5 Qc1+ 30. Kh2 Qxh6+ 31. Kg3 1-0

[Event "L Festival A"]
[Site "Imperia ITA"]
[Date "2008.09.03"]
[Round "5"]
[White "Ahner, Thomas"]
[Black "Astengo, Marcello"]
[WhiteElo "2144"]
[BlackElo "2075"]
[Result "0-1"]
[PlyCount "82"]
[EventDate "2008.08.31"]

1. e4 e6 2. d3 d5 3. Nd2 c5 4. g3 Nc6 5. Bg2 Nge7 6. f4 b6 7. e5 Bb7 8. c3 Rc8
9. h4 Nf5 10. Nf1 Be7 11. h5 h6 12. Rh2 O-O 13. Bh3 d4 14. c4 f6 15. exf6 Bxf6
16. g4 Bh4+ 17. Ke2 Ng3+ 18. Nxg3 Bxg3 19. Rg2 Qh4 20. Nf3 Qxh3 21. Qg1 Ne5 22.
Rxg3 Nxf3 23. Qf2 Qh1 24. b4 Ng5 25. Bb2 Qc6 26. b5 Qd6 27. Rf1 e5 28. Bc1 e4
29. Qh2 exd3+ 30. Kxd3 Be4+ 31. Ke2 Qe6 32. Kd1 Qxc4 33. Rf2 Qa4+ 34. Ke1 Qb4+
35. Kf1 Qxb5+ 36. Kg1 Qb1 37. Rf1 Nf3+ 38. Rgxf3 Bxf3 39. g5 Qe4 40. Qg3 Bxh5
41. gxh6 Qg6 0-1

[Event "L Festival A"]
[Site "Imperia ITA"]
[Date "2008.09.03"]
[Round "5"]
[White "Chatalbashev, Boris"]
[Black "Pomaro, Alberto"]
[WhiteElo "2596"]
[BlackElo "2246"]
[Result "1-0"]
[PlyCount "63"]
[EventDate "2008.08.31"]

1. d4 Nf6 2. c4 g6 3. Nc3 Bg7 4. e4 d6 5. Bd3 O-O 6. Nge2 Nc6 7. O-O e5 8. d5
Nd4 9. Bg5 h6 10. Bh4 c5 11. dxc6 bxc6 12. b4 Be6 13. Nxd4 exd4 14. Na4 g5 15.
Bg3 d5 16. exd5 cxd5 17. Nc5 Bg4 18. Qc2 dxc4 19. Qxc4 Nh5 20. h3 Nxg3 21. fxg3
Bc8 22. Rae1 Qc7 23. Qd5 Rb8 24. g4 Rb6 25. Qe4 Rg6 26. Bc4 Rb6 27. Rxf7 Rxf7
28. Qe8+ Bf8 29. Bxf7+ Qxf7 30. Qxc8 Rf6 31. Nd7 Rf4 32. Nxf8 1-0

[Event "L Festival A"]
[Site "Imperia ITA"]
[Date "2008.09.03"]
[Round "5"]
[White "Damele, Stefano"]
[Black "Mercandelli, Claudio"]
[WhiteElo "2013"]
[BlackElo "1988"]
[Result "1-0"]
[PlyCount "47"]
[EventDate "2008.08.31"]

1. d4 Nf6 2. c4 e6 3. Nc3 Bb4 4. Qc2 Nc6 5. e3 O-O 6. Bd3 d6 7. Nge2 e5 8. d5
Ne7 9. O-O Bxc3 10. Nxc3 c6 11. e4 c5 12. f4 exf4 13. Bxf4 Ng6 14. Bg5 Ne5 15.
Bxf6 gxf6 16. Qd2 Kh8 17. Be2 Rg8 18. Qh6 Rg6 19. Qh4 Qg8 20. g3 Bg4 21. b3 Qg7
22. Bxg4 Nxg4 23. Rf5 Nxh2 24. Kxh2 1-0

[Event "L Festival A"]
[Site "Imperia ITA"]
[Date "2008.09.03"]
[Round "5"]
[White "Faraci, Antonino"]
[Black "Dritsakos, Alessio"]
[WhiteElo "2034"]
[BlackElo "1848"]
[Result "1/2-1/2"]
[PlyCount "41"]
[EventDate "2008.08.31"]

1. Nf3 d5 2. c4 e6 3. g3 Nf6 4. Bg2 c6 5. O-O Bd6 6. d4 O-O 7. b3 Re8 8. Bb2
Nbd7 9. Nc3 dxc4 10. bxc4 e5 11. e3 exd4 12. exd4 Bc7 13. Qc2 Nb6 14. Na4 Nxa4
15. Qxa4 Re2 16. Qb3 Bf5 17. Rac1 a5 18. a4 Bd6 19. Ba1 Bb4 20. Rfd1 Ne4 21.
Rf1 1/2-1/2

[Event "L Festival A"]
[Site "Imperia ITA"]
[Date "2008.09.03"]
[Round "5"]
[White "Hocevar, Nikola"]
[Black "Pesce, Gabriele"]
[WhiteElo "2125"]
[BlackElo "2102"]
[Result "1-0"]
[PlyCount "35"]
[EventDate "2008.08.31"]

1. d4 Nf6 2. e3 g6 3. c4 Bg7 4. Nc3 O-O 5. Nf3 c5 6. Be2 d6 7. O-O Nc6 8. d5
Nb8 9. e4 e6 10. Qc2 exd5 11. cxd5 Ng4 12. Bg5 Qb6 13. h3 Ne5 14. a4 Nxf3+ 15.
Bxf3 Re8 16. Rfe1 Na6 17. a5 Nb4 18. Qa4 1-0

[Event "L Festival A"]
[Site "Imperia ITA"]
[Date "2008.09.03"]
[Round "5"]
[White "Jirovsky, Milos"]
[Black "Sanchez, Joseph"]
[WhiteElo "2492"]
[BlackElo "2486"]
[Result "1/2-1/2"]
[PlyCount "29"]
[EventDate "2008.08.31"]

1. Nf3 d5 2. c4 c6 3. e3 Nf6 4. Nc3 a6 5. d4 Bf5 6. cxd5 cxd5 7. Ne5 Nc6 8.
Nxc6 bxc6 9. Bd3 Bxd3 10. Qxd3 e6 11. O-O c5 12. dxc5 Bxc5 13. b3 O-O 14. Bb2
Qd6 15. h3 1/2-1/2

[Event "L Festival A"]
[Site "Imperia ITA"]
[Date "2008.09.03"]
[Round "5"]
[White "Lazarev, Vladimir"]
[Black "Stoppa, Omar"]
[WhiteElo "2482"]
[BlackElo "2230"]
[Result "1-0"]
[PlyCount "83"]
[EventDate "2008.08.31"]

1. d4 Nf6 2. c4 c5 3. d5 b5 4. cxb5 a6 5. bxa6 Bxa6 6. g3 d6 7. Bg2 g6 8. Nc3
Nbd7 9. Nf3 Bg7 10. Rb1 O-O 11. O-O Qc7 12. b3 Rab8 13. Qc2 Ng4 14. h3 Nge5 15.
Nxe5 Nxe5 16. Bd2 Rfc8 17. Kh2 Rb7 18. f4 Nd7 19. Rfe1 Qb8 20. a3 Qa7 21. e4
Rb4 22. Be3 Rd4 23. Red1 Rxd1 24. Nxd1 Bd4 25. Qd2 Bb7 26. a4 e5 27. dxe6 fxe6
28. Nc3 Ba6 29. Bf1 Bxf1 30. Rxf1 Bxc3 31. Qxc3 Qb7 32. Qd3 Rc6 33. a5 Nf6 34.
Ra1 Ra6 35. Ra4 Qc6 36. Qc4 Kf7 37. f5 gxf5 38. exf5 d5 39. Qxc5 exf5 40. Qxc6
Rxc6 41. a6 Rc2+ 42. Kg1 1-0

[Event "L Festival A"]
[Site "Imperia ITA"]
[Date "2008.09.03"]
[Round "5"]
[White "Pascual Genoves, Marc"]
[Black "Pepino, Enrico"]
[WhiteElo "2232"]
[BlackElo "2119"]
[Result "1-0"]
[PlyCount "69"]
[EventDate "2008.08.31"]

1. e4 c5 2. Nc3 Nc6 3. Bb5 e6 4. Bxc6 dxc6 5. f4 g6 6. e5 b6 7. Nf3 h5 8. d3
Nh6 9. Ne4 Be7 10. Be3 Bb7 11. Qe2 Nf5 12. O-O-O Qc7 13. Nfg5 Bxg5 14. Nxg5
O-O-O 15. Rhg1 Qe7 16. g3 Kc7 17. h3 Bc8 18. g4 hxg4 19. hxg4 Nxe3 20. Qxe3 Kb7
21. Rh1 Bd7 22. Qe4 Rdf8 23. Rxh8 Rxh8 24. Rh1 Rxh1+ 25. Qxh1 c4 26. dxc4 Qc5
27. Qf1 Qe3+ 28. Kb1 c5 29. Nxf7 Ka6 30. b3 Qd4 31. Nd6 Bc6 32. Qc1 b5 33.
cxb5+ Bxb5 34. Qa3+ Kb6 35. Qxa7+ 1-0

[Event "L Festival A"]
[Site "Imperia ITA"]
[Date "2008.09.03"]
[Round "5"]
[White "Payen, Arnaud"]
[Black "Lacrosse, Marc"]
[WhiteElo "2372"]
[BlackElo "2202"]
[Result "1/2-1/2"]
[PlyCount "35"]
[EventDate "2008.08.31"]

1. d4 d5 2. c4 e6 3. Nf3 Nf6 4. e3 c6 5. Bd3 Nbd7 6. Nbd2 c5 7. b3 Be7 8. O-O
b6 9. Bb2 Bb7 10. cxd5 exd5 11. Ne5 O-O 12. Qf3 Re8 13. Qh3 Nf8 14. f4 a6 15.
Rad1 Qc7 16. g4 b5 17. dxc5 Bxc5 18. Bd4 1/2-1/2

[Event "L Festival A"]
[Site "Imperia ITA"]
[Date "2008.09.03"]
[Round "5"]
[White "Petrov, Marijan"]
[Black "Safranska, Anda"]
[WhiteElo "2490"]
[BlackElo "2323"]
[Result "1-0"]
[PlyCount "67"]
[EventDate "2008.08.31"]

1. e4 g6 2. d4 Bg7 3. Nc3 c6 4. Nf3 d6 5. a4 Nf6 6. Be2 O-O 7. O-O Qc7 8. Be3
Ng4 9. Bg5 h6 10. Bh4 e5 11. dxe5 dxe5 12. Nd2 Nf6 13. Nc4 Be6 14. Qd6 Qxd6 15.
Nxd6 Nbd7 16. Nxb7 a5 17. b3 Rfb8 18. Nd6 Bf8 19. Rad1 Kg7 20. f3 Nh5 21. Rfe1
Rb4 22. Bf2 Nf4 23. Bf1 Be7 24. Be3 Rbb8 25. g3 Nh5 26. Bc4 Bxc4 27. Nxc4 Nhf6
28. Na2 h5 29. Nc1 Bb4 30. Bd2 Re8 31. Bxb4 axb4 32. Rd6 Rac8 33. Nd3 c5 34. f4
1-0

[Event "L Festival A"]
[Site "Imperia ITA"]
[Date "2008.09.03"]
[Round "5"]
[White "Ricca, Giorgio"]
[Black "Blasco, Domenico"]
[WhiteElo "2065"]
[BlackElo "2015"]
[Result "0-1"]
[PlyCount "72"]
[EventDate "2008.08.31"]

1. e4 g6 2. d4 Bg7 3. Nc3 d6 4. Be3 a6 5. Qd2 b5 6. f3 Nd7 7. O-O-O Bb7 8. h4
h5 9. a3 c5 10. Kb1 Rc8 11. g4 hxg4 12. fxg4 Ngf6 13. Qg2 b4 14. axb4 cxb4 15.
Nd5 Nxd5 16. exd5 Qa5 17. b3 Bxd5 18. Nf3 Nc5 19. Bd3 Nxd3 20. Rxd3 Be4 21. Qe2
Bxd3 22. Qxd3 Rc3 23. Qe4 d5 24. Qf4 Qc7 25. Ne5 Bxe5 26. dxe5 Rxc2 27. Rf1 O-O
28. Bd2 Rxd2 29. Qxd2 Qxe5 30. Re1 Qg3 31. Re3 Qxg4 32. Qh2 Qd1+ 33. Ka2 Rc8
34. Re2 Rc1 35. Qb8+ Kh7 36. Qe5 Rc2+ 0-1

[Event "L Festival A"]
[Site "Imperia ITA"]
[Date "2008.09.03"]
[Round "5"]
[White "Salvador, Roland"]
[Black "Sartori, Spartaco"]
[WhiteElo "2443"]
[BlackElo "2182"]
[Result "1-0"]
[PlyCount "49"]
[EventDate "2008.08.31"]

1. d4 e6 2. c4 Nf6 3. Nf3 b6 4. g3 Bb7 5. Bg2 Be7 6. O-O O-O 7. d5 exd5 8. Nh4
c6 9. cxd5 Nxd5 10. Nf5 Na6 11. e4 Ndc7 12. Qg4 g6 13. Rd1 d5 14. exd5 Nxd5 15.
Nc3 Bf6 16. Nxd5 cxd5 17. Bh6 Re8 18. Ne3 Nc7 19. Rd2 Qe7 20. Bf4 Rad8 21. Nf5
Qd7 22. Nh6+ Kg7 23. Bh3 Qxg4 24. Nxg4 Ne6 25. Bh6+ 1-0

[Event "L Festival A"]
[Site "Imperia ITA"]
[Date "2008.09.03"]
[Round "5"]
[White "Van der Plas, Robert"]
[Black "Luciani, Carlo"]
[WhiteElo "2163"]
[BlackElo "2239"]
[Result "1/2-1/2"]
[PlyCount "103"]
[EventDate "2008.08.31"]

1. d4 Nf6 2. c4 g6 3. Nc3 Bg7 4. e4 d6 5. f4 c5 6. d5 a6 7. Nf3 O-O 8. a4 e5 9.
fxe5 Ng4 10. exd6 f5 11. e5 Nxe5 12. Bf4 Qxd6 13. Nxe5 Bxe5 14. Bxe5 Qxe5+ 15.
Be2 Nd7 16. O-O Qd6 17. Qd2 Ne5 18. a5 Bd7 19. Na4 Bxa4 20. Rxa4 Rfe8 21. b4
Nc6 22. bxc5 Qxc5+ 23. Kh1 Nd4 24. Bf3 Nb3 25. Qb4 Qxb4 26. Rxb4 Nxa5 27. Kg1
Rac8 28. d6 Red8 29. Ra1 Rc5 30. Bxb7 Rxd6 31. Bd5+ Kg7 32. Rba4 Nb3 33. Rxa6
Rdxd5 34. cxd5 Nxa1 35. Rxa1 Rxd5 36. Ra7+ Kh6 37. Kf2 Rd3 38. h4 Rd8 39. Kf3
Rg8 40. g4 fxg4+ 41. Kxg4 Rb8 42. Rf7 Rb1 43. Ra7 Rg1+ 44. Kf4 Rb1 45. Kg4 Rb4+
46. Kg3 Rb5 47. Kg4 Rb4+ 48. Kg3 Rb8 49. Kg4 Rg8 50. Re7 Rg7 51. Rxg7 Kxg7 52.
h5 1/2-1/2

[Event "L Festival A"]
[Site "Imperia ITA"]
[Date "2008.09.03"]
[Round "5"]
[White "Verrascina, Roberto"]
[Black "Ammerlaan, Richard"]
[WhiteElo "2240"]
[BlackElo "2125"]
[Result "1/2-1/2"]
[PlyCount "21"]
[EventDate "2008.08.31"]

1. d4 d5 2. Nf3 Nf6 3. g3 e6 4. Bg2 b5 5. O-O Nbd7 6. a4 b4 7. c4 bxc3 8. bxc3
Be7 9. Nbd2 O-O 10. Qc2 Rb8 11. c4 1/2-1/2

[Event "L Festival A"]
[Site "Imperia ITA"]
[Date "2008.09.04"]
[Round "6"]
[White "Arata, Roberto Mario"]
[Black "Pascual Genoves, Marc"]
[WhiteElo "2178"]
[BlackElo "2232"]
[Result "1-0"]
[PlyCount "87"]
[EventDate "2008.08.31"]

1. d4 Nf6 2. c4 g6 3. Nc3 Bg7 4. e4 d6 5. f4 O-O 6. Be2 c5 7. d5 e6 8. Nf3 exd5
9. e5 Ne4 10. cxd5 Nxc3 11. bxc3 Nd7 12. O-O dxe5 13. Rb1 e4 14. Ng5 Bxc3 15.
Rb3 Bd4+ 16. Be3 Bxe3+ 17. Rxe3 Nf6 18. Nxe4 Nxe4 19. Rxe4 Qd6 20. Qb3 b6 21.
Bb5 Bf5 22. Re5 Rad8 23. Bc4 Bd7 24. Qd3 Rb8 25. Qg3 b5 26. Bb3 c4 27. Bc2 Rfe8
28. Rfe1 Rxe5 29. fxe5 Qc7 30. h4 Rb6 31. Kh1 Be8 32. h5 Qe7 33. d6 Qe6 34. Rf1
Qd5 35. Qf4 Qe6 36. Qg5 Rb8 37. Rf6 Qd5 38. Qf4 Bc6 39. Qg3 Be8 40. e6 Qxh5+
41. Kg1 Qc5+ 42. Rf2 Rd8 43. d7 Bxd7 44. Qh4 1-0

[Event "L Festival A"]
[Site "Imperia ITA"]
[Date "2008.09.04"]
[Round "6"]
[White "Arlandi, Ennio"]
[Black "Sulava, Nenad"]
[WhiteElo "2436"]
[BlackElo "2492"]
[Result "1/2-1/2"]
[PlyCount "65"]
[EventDate "2008.08.31"]

1. d4 e6 2. c4 Bb4+ 3. Bd2 a5 4. Nc3 d5 5. e3 Nf6 6. Nf3 b6 7. Rc1 Ba6 8. cxd5
Bxf1 9. Kxf1 exd5 10. g3 O-O 11. Kg2 c6 12. Na4 Bd6 13. Qb3 Nfd7 14. Ne1 b5 15.
Nc5 Bxc5 16. dxc5 Na6 17. Nd3 Nc7 18. Qc2 Qe7 19. Rhe1 Kh8 20. a3 f6 21. f3 Ne5
22. Nxe5 fxe5 23. b4 axb4 24. axb4 Ne6 25. f4 Qf7 26. Ra1 Rae8 27. Rf1 Qh5 28.
Qd3 d4 29. fxe5 Qxe5 30. e4 h6 31. Rf5 Rxf5 32. exf5 Ng5 33. Bxg5 1/2-1/2

[Event "L Festival A"]
[Site "Imperia ITA"]
[Date "2008.09.04"]
[Round "6"]
[White "Blasco, Domenico"]
[Black "Piasetski, Leon David"]
[WhiteElo "2015"]
[BlackElo "2314"]
[Result "0-1"]
[PlyCount "36"]
[EventDate "2008.08.31"]

1. d4 g6 2. Nf3 Bg7 3. Nbd2 d6 4. e4 Nc6 5. c3 e5 6. dxe5 Nxe5 7. Nxe5 dxe5 8.
Qc2 Nf6 9. Bd3 Nh5 10. Nc4 Nf4 11. Bxf4 exf4 12. Rd1 Qg5 13. f3 Be6 14. O-O
Bxc4 15. Qa4+ b5 16. Qb4 Bf8 17. Qa5 Bc5+ 18. Kh1 Bb6 0-1

[Event "L Festival A"]
[Site "Imperia ITA"]
[Date "2008.09.04"]
[Round "6"]
[White "Bozzali, Ermanno"]
[Black "Morselli, Stefano"]
[WhiteElo "2148"]
[BlackElo "1858"]
[Result "1-0"]
[PlyCount "59"]
[EventDate "2008.08.31"]

1. d4 Nf6 2. Nf3 g6 3. c4 Bg7 4. Nc3 d6 5. Bf4 O-O 6. e3 Nbd7 7. Be2 c6 8. O-O
Qe8 9. h3 e5 10. Bh2 Qe7 11. b4 Ne8 12. Qb3 e4 13. Nd2 f5 14. c5+ d5 15. b5
Ndf6 16. bxc6 bxc6 17. Rab1 g5 18. Qa4 f4 19. Qxc6 Nc7 20. exf4 e3 21. fxg5
Bxh3 22. gxf6 Rxf6 23. Qxc7 Qxc7 24. Bxc7 exf2+ 25. Rxf2 Rxf2 26. Kxf2 Bxd4+
27. Ke1 Bf5 28. Rb8+ Rxb8 29. Bxb8 Bxc3 30. Bf3 1-0

[Event "L Festival A"]
[Site "Imperia ITA"]
[Date "2008.09.04"]
[Round "6"]
[White "Damele, Stefano"]
[Black "Ricca, Giorgio"]
[WhiteElo "2013"]
[BlackElo "2065"]
[Result "1-0"]
[PlyCount "45"]
[EventDate "2008.08.31"]

1. d4 d5 2. c4 dxc4 3. Nf3 Nf6 4. Nc3 a6 5. a4 Bg4 6. e3 e6 7. Bxc4 c5 8. d5
exd5 9. Nxd5 Nc6 10. Nxf6+ Qxf6 11. Be2 Be7 12. O-O O-O 13. Bd2 Rfd8 14. Qc2
Bd6 15. Bc3 Qh6 16. h3 Bxh3 17. gxh3 Qxh3 18. Qe4 g5 19. Rfd1 Re8 20. Qd5 Re6
21. Nxg5 Qh2+ 22. Kf1 Ne7 23. Qf3 1-0

[Event "L Festival A"]
[Site "Imperia ITA"]
[Date "2008.09.04"]
[Round "6"]
[White "Di Paolo, Raffaele"]
[Black "Salvador, Roland"]
[WhiteElo "2367"]
[BlackElo "2443"]
[Result "1/2-1/2"]
[PlyCount "78"]
[EventDate "2008.08.31"]

1. e4 d5 2. exd5 Nf6 3. c4 e6 4. Nc3 exd5 5. d4 Nc6 6. Bg5 Bb4 7. a3 Qe7+ 8.
Be2 Bxc3+ 9. bxc3 dxc4 10. Nf3 O-O 11. O-O Na5 12. Ne5 h6 13. Bxf6 Qxf6 14. Qa4
b6 15. Bf3 Rb8 16. Nxc4 Bd7 17. Qxd7 Nxc4 18. Rfe1 Nd2 19. Qc6 Nxf3+ 20. Qxf3
Qxf3 21. gxf3 Rfe8 22. Re3 Re6 23. Rxe6 fxe6 24. Re1 Kf7 25. Re5 c6 26. f4 g6
27. Kg2 b5 28. h4 h5 29. Rc5 Rb6 30. Kf3 Ke7 31. Ke4 Kd7 32. Rg5 Ra6 33. Rxg6
Rxa3 34. Ke5 Rxc3 35. Rg7+ Kc8 36. Kxe6 Rf3 37. Kd6 Rxf4 38. Kxc6 Rxd4 39. Rxa7
Rc4+ 1/2-1/2

[Event "L Festival A"]
[Site "Imperia ITA"]
[Date "2008.09.04"]
[Round "6"]
[White "Dritsakos, Alessio"]
[Black "Spatola, Davide"]
[WhiteElo "1848"]
[BlackElo "2051"]
[Result "1-0"]
[PlyCount "43"]
[EventDate "2008.08.31"]

1. e4 c6 2. d4 d5 3. Nc3 dxe4 4. Nxe4 Nf6 5. Ng3 Bg4 6. Be2 Bxe2 7. N1xe2 e6 8.
Bf4 Nd5 9. Bd2 Bd6 10. Ne4 Be7 11. Nf4 O-O 12. O-O Nd7 13. Nxd5 exd5 14. Ng3
Bf6 15. Qg4 g6 16. Nh5 Bg7 17. Nxg7 Kxg7 18. Rfe1 f5 19. Qf4 Qb8 20. Re7+ Rf7
21. Qh6+ Kg8 22. Rxf7 1-0

[Event "L Festival A"]
[Site "Imperia ITA"]
[Date "2008.09.04"]
[Round "6"]
[White "Jurek, Josef"]
[Black "Chatalbashev, Boris"]
[WhiteElo "2368"]
[BlackElo "2596"]
[Result "0-1"]
[PlyCount "56"]
[EventDate "2008.08.31"]

1. Nf3 g6 2. d4 Bg7 3. c4 c5 4. d5 d6 5. e4 e6 6. Nc3 exd5 7. cxd5 a6 8. a4 Bg4
9. Be2 Bxf3 10. Bxf3 Nd7 11. O-O Ne7 12. Bf4 Ne5 13. Be2 O-O 14. Qd2 f5 15. Bg5
Nf7 16. Bxe7 Qxe7 17. exf5 gxf5 18. Rfe1 Qf6 19. f4 Rae8 20. Bc4 Qd4+ 21. Qxd4
cxd4 22. Na2 Re3 23. Nb4 Rc8 24. b3 a5 25. Nc2 Re4 26. g3 Rxc4 27. bxc4 d3 28.
Na3 d2 0-1

[Event "L Festival A"]
[Site "Imperia ITA"]
[Date "2008.09.04"]
[Round "6"]
[White "Mela, Riccardo"]
[Black "Spinelli, Doriano"]
[WhiteElo "2033"]
[BlackElo "2151"]
[Result "1-0"]
[PlyCount "59"]
[EventDate "2008.08.31"]

1. e4 d5 2. exd5 Nf6 3. Nc3 Nxd5 4. Nxd5 Qxd5 5. d4 Nc6 6. Be3 Bf5 7. c3 O-O-O
8. Nf3 e5 9. dxe5 Qe4 10. Nd2 Qxe5 11. Be2 Bc5 12. Bxc5 Qxc5 13. O-O Ne5 14.
Qc1 Bd3 15. Bxd3 Nxd3 16. Qc2 Rhe8 17. Nb3 Qg5 18. Rad1 Nf4 19. Rxd8+ Rxd8 20.
g3 Nh3+ 21. Kg2 Nf4+ 22. Kg1 Re8 23. Nd4 g6 24. Qa4 Re5 25. Nf3 Ne2+ 26. Kg2
Qe7 27. Nxe5 Qxe5 28. Rd1 c6 29. Qc2 a6 30. Kf1 1-0

[Event "L Festival A"]
[Site "Imperia ITA"]
[Date "2008.09.04"]
[Round "6"]
[White "Mercandelli, Claudio"]
[Black "Gardini, Enrico"]
[WhiteElo "1988"]
[BlackElo "1896"]
[Result "1-0"]
[PlyCount "63"]
[EventDate "2008.08.31"]

1. Nf3 Nf6 2. g3 d5 3. Bg2 Nc6 4. O-O Bg4 5. h3 Bh5 6. d3 e6 7. Nbd2 Bd6 8. c3
O-O 9. a3 Nd7 10. b4 Nde5 11. Bb2 Nxf3+ 12. Nxf3 Rb8 13. c4 Bxf3 14. Bxf3 Ne5
15. Bxe5 Bxe5 16. d4 Bf6 17. cxd5 exd5 18. e3 c6 19. Qb3 Qd7 20. Kg2 Rfd8 21.
Rab1 Be7 22. Rfc1 g5 23. b5 f5 24. bxc6 bxc6 25. Qxb8 Rxb8 26. Rxb8+ Kg7 27.
Rcb1 g4 28. hxg4 fxg4 29. Bd1 Qf5 30. R1b7 Qe4+ 31. Kg1 h5 32. Re8 1-0

[Event "L Festival A"]
[Site "Imperia ITA"]
[Date "2008.09.04"]
[Round "6"]
[White "Payen, Arnaud"]
[Black "Lazarev, Vladimir"]
[WhiteElo "2372"]
[BlackElo "2482"]
[Result "1/2-1/2"]
[PlyCount "44"]
[EventDate "2008.08.31"]

1. d4 Nf6 2. c4 e6 3. g3 d5 4. Nf3 Bb4+ 5. Bd2 Be7 6. Bg2 O-O 7. O-O c6 8. Bf4
Nbd7 9. Qb3 a5 10. a4 Nh5 11. Bd2 f5 12. Na3 Kh8 13. e3 Bd6 14. Rfc1 Nhf6 15.
Qd1 Qe7 16. Qe2 Ne4 17. Be1 g5 18. Nd2 Nxd2 19. Bxd2 g4 20. Qe1 Qd8 21. b4 axb4
22. Bxb4 Nf6 1/2-1/2

[Event "L Festival A"]
[Site "Imperia ITA"]
[Date "2008.09.04"]
[Round "6"]
[White "Poloch, Petr"]
[Black "Van der Plas, Robert"]
[WhiteElo "2280"]
[BlackElo "2163"]
[Result "1/2-1/2"]
[PlyCount "35"]
[EventDate "2008.08.31"]

1. Nf3 b5 2. e4 a6 3. d4 Bb7 4. Bd3 e6 5. O-O Be7 6. a4 c5 7. dxc5 Bxc5 8. Qe2
b4 9. Nbd2 Ne7 10. e5 Ng6 11. Ne4 Be7 12. h4 Nc6 13. Bg5 Qc7 14. Bxe7 Kxe7 15.
Nc5 Ncxe5 16. Nxb7 Nxd3 17. Qxd3 Qxb7 18. Rad1 1/2-1/2

[Event "L Festival A"]
[Site "Imperia ITA"]
[Date "2008.09.04"]
[Round "6"]
[White "Stoppa, Omar"]
[Black "Barlocco, Carlo"]
[WhiteElo "2230"]
[BlackElo "2150"]
[Result "1-0"]
[PlyCount "57"]
[EventDate "2008.08.31"]

1. e4 Nc6 2. Nf3 d5 3. exd5 Qxd5 4. Nc3 Qa5 5. h3 Nf6 6. Bc4 Bf5 7. d3 e6 8.
Bd2 O-O-O 9. a3 Ne5 10. Nb5 Nxf3+ 11. Qxf3 Qb6 12. a4 a5 13. b4 Bxb4 14. Bxb4
axb4 15. a5 Qc5 16. O-O Be4 17. Qg3 Kd7 18. a6 Ra8 19. dxe4 Qxc4 20. Qxg7 Ke7
21. e5 Ne4 22. axb7 Rag8 23. b8=Q Rxb8 24. Nd6 Qc6 25. Qxf7+ Kd8 26. Nxe4 Qxe4
27. Rfd1+ Kc8 28. Qxe6+ Kb7 29. Qa6# 1-0

[Event "L Festival A"]
[Site "Imperia ITA"]
[Date "2008.09.05"]
[Round "7"]
[White "Ahner, Thomas"]
[Black "Dritsakos, Alessio"]
[WhiteElo "2144"]
[BlackElo "1848"]
[Result "1-0"]
[PlyCount "63"]
[EventDate "2008.08.31"]

1. e4 e5 2. Nf3 Nc6 3. Bb5 a6 4. Bxc6 dxc6 5. O-O Bd6 6. d4 exd4 7. Qxd4 f6 8.
Nbd2 b5 9. c4 c5 10. Qe3 Nh6 11. h3 Nf7 12. b3 O-O 13. Bb2 Re8 14. Ne1 Bb7 15.
Nd3 Qe7 16. Rfe1 Ne5 17. Nxe5 Bxe5 18. Bxe5 Qxe5 19. Rad1 Qd4 20. Qf4 Qe5 21.
Qxe5 Rxe5 22. f3 Rae8 23. Kf2 Kf7 24. Nf1 R5e6 25. Ne3 c6 26. Nf5 Kf8 27. Rd7
Bc8 28. Rxg7 Re5 29. Rxh7 Bxf5 30. Rh8+ Kf7 31. Rxe8 Rxe8 32. exf5 1-0

[Event "L Festival A"]
[Site "Imperia ITA"]
[Date "2008.09.05"]
[Round "7"]
[White "Ammerlaan, Richard"]
[Black "Jurek, Josef"]
[WhiteElo "2125"]
[BlackElo "2368"]
[Result "1-0"]
[PlyCount "99"]
[EventDate "2008.08.31"]

1. e4 c5 2. Nf3 e6 3. d4 cxd4 4. Nxd4 Nc6 5. Nc3 Qc7 6. Be2 Nf6 7. O-O a6 8.
Be3 Be7 9. Kh1 O-O 10. f4 d6 11. Qe1 Bd7 12. Qg3 Kh8 13. Rad1 b5 14. e5 dxe5
15. fxe5 Qxe5 16. Bf4 Qc5 17. Nb3 Qa7 18. Bg5 Rad8 19. Bd3 Bc8 20. Qh4 Ne5 21.
Bxf6 Rxd3 22. Bxe7 Rxd1 23. Rxd1 Ng6 24. Bxf8 Nxh4 25. Rd8 Qc7 26. Be7+ Qxd8
27. Bxd8 f6 28. a4 Bb7 29. axb5 Bxg2+ 30. Kg1 axb5 31. Kf2 b4 32. Na2 Bd5 33.
Nxb4 Bxb3 34. cxb3 Kg8 35. Nc6 Kf7 36. b4 Ke8 37. b5 Kd7 38. Bb6 Nf5 39. Bc5 e5
40. b4 Nd6 41. Bxd6 Kxd6 42. Na5 h5 43. Nc4+ Kc7 44. Kf3 g6 45. Ke4 h4 46. Kd5
g5 47. b6+ Kb8 48. Kc6 g4 49. b7 g3 50. Nb6 1-0

[Event "L Festival A"]
[Site "Imperia ITA"]
[Date "2008.09.05"]
[Round "7"]
[White "Berg, Victor"]
[Black "Bozzali, Ermanno"]
[WhiteElo "2104"]
[BlackElo "2148"]
[Result "0-1"]
[PlyCount "66"]
[EventDate "2008.08.31"]

1. e4 c5 2. d4 cxd4 3. c3 Nf6 4. e5 Nd5 5. cxd4 e6 6. Nc3 Nxc3 7. bxc3 Qc7 8.
Bd2 b6 9. f4 Bb7 10. Nf3 Nc6 11. Bd3 Na5 12. Qe2 Bd5 13. c4 Nxc4 14. Rc1 b5 15.
O-O Rc8 16. f5 Qb6 17. fxe6 dxe6 18. Kh1 Ba3 19. Rc2 h6 20. Qf2 Rc7 21. Qg3
Nxd2 22. Rxc7 Nxf1 23. Qxg7 Qxc7 24. Bxb5+ Bc6 25. Qxh8+ Bf8 26. Bxf1 Qa5 27.
Qf6 Qxa2 28. Qf4 Qa1 29. Nd2 Bb5 30. Qf3 Be7 31. Nc4 Kf8 32. Qd3 a5 33. Qb3
Qxf1# 0-1

[Event "L Festival A"]
[Site "Imperia ITA"]
[Date "2008.09.05"]
[Round "7"]
[White "Chatalbashev, Boris"]
[Black "Mozny, Milos"]
[WhiteElo "2596"]
[BlackElo "2361"]
[Result "1/2-1/2"]
[PlyCount "111"]
[EventDate "2008.08.31"]

1. c4 e5 2. g3 Nf6 3. Bg2 d5 4. cxd5 Nxd5 5. Nf3 Nc6 6. O-O Be7 7. d4 exd4 8.
Nxd4 Nxd4 9. Qxd4 Nf6 10. Qxd8+ Bxd8 11. e4 c6 12. e5 Nd5 13. Bxd5 cxd5 14. Nc3
Be6 15. Be3 f6 16. f4 fxe5 17. fxe5 Bc7 18. Nb5 Bxe5 19. Bd4 a6 20. Bxe5 axb5
21. Bxg7 Rg8 22. Bc3 Kd7 23. a3 Raf8 24. Kg2 Rxf1 25. Rxf1 Rg4 26. Rf6 Re4 27.
Rh6 d4 28. Bb4 d3 29. Kf3 Re2 30. Rxh7+ Ke8 31. Rh8+ Kd7 32. Rh7+ Kc6 33. Rh6
Kc7 34. Rh5 Rxb2 35. Ke3 Bc4 36. Bd2 Ra2 37. g4 Rxa3 38. g5 Ra8 39. g6 Re8+ 40.
Kd4 Re2 41. Kc3 Rg2 42. Rh6 Kd7 43. h4 Bg8 44. h5 b4+ 45. Kxd3 b3 46. Bc3 b2
47. Bxb2 Rxb2 48. Rh8 Be6 49. g7 Rh2 50. h6 Ke7 51. Kd4 Kf6 52. Kc5 Kg6 53.
g8=R+ Bxg8 54. Rxg8+ Kh7 55. Rg7+ Kxh6 56. Rxb7 1/2-1/2

[Event "L Festival A"]
[Site "Imperia ITA"]
[Date "2008.09.05"]
[Round "7"]
[White "Egartner, Wolfgang"]
[Black "Damele, Stefano"]
[WhiteElo "2141"]
[BlackElo "2013"]
[Result "1-0"]
[PlyCount "55"]
[EventDate "2008.08.31"]

1. d4 Nf6 2. Bg5 d5 3. Bxf6 exf6 4. e3 Be6 5. Nf3 Nd7 6. Be2 Bd6 7. O-O g5 8.
c4 c6 9. cxd5 Bxd5 10. Nc3 Bxf3 11. Bxf3 Qc7 12. g3 f5 13. Rc1 Qd8 14. e4 fxe4
15. Nxe4 Be7 16. Re1 O-O 17. Bg2 Qb6 18. Qh5 Qb5 19. d5 cxd5 20. Nc3 Qxb2 21.
Nxd5 Bf6 22. Be4 Rfe8 23. Qxh7+ Kf8 24. Qh6+ Bg7 25. Qd6+ Kg8 26. Ne7+ Kh8 27.
Qxd7 Rad8 28. Qh3+ 1-0